Statistics for Fact check

Click here to take the quiz!

General Stats

  • This quiz has been taken 28 times
    (12 since last reset)
  • The average score is 10 of 20

Answer Stats

HintAnswer% Correct
The largest sects in Islam are Sunny and ShiitakeSunni and Shiite
100%
Queen Victoria is the longest serving British Monarch to dateElizabeth II
80%
Australian Archduke Franz Ferdinand's assassination in Siberia was the catalyst for WWIAustrian, Serbia
70%
The British crown passes to the oldest child of the monarch, regardless of genderCorrect
70%
Among dwarf planets, Pluto is the largestCorrect
70%
World War II officially began when Germany invaded Austria in September, 1939Poland
70%
In 2013, scientists at CERN confirmed they had found the Higgs Boson or "Jesus Particle"God Particle
60%
The UN has been grappling on how to handle the Iraqi refugee crisis after the Iraqi Civil War broke out in 2011Syrian
60%
In June 2016, France voted to leave the UNUK, European Union
50%
The Soviet reaction to NATO was the Munich Agreement among East Germany and other Soviet Satellite statesWarsaw Pact
50%
Gautama Buddha is believed to be the ninth avatar of the god Vishnu in HinduismCorrect
40%
Among dwarf planets, Eris is the most massiveCorrect
40%
Lisa Kudrow went on to star in the sitcom Cougar Town after FriendsCourtney Cox
40%
In the film, On Golden Pond, Jane Fonda stars opposite her husband Henry FondaFather
40%
Mesopotamia was located in the region called the fruitful valleyFertile Crescent
40%
E.B White wrote the Fifty Shades of Grey trilogy as fan fiction of the Hunger GamesE.L. James, Twilight
30%
Malcolm X was a prominent member and spokesperson for the Black Panther PartyNation of Islam
30%
In 2015, an executive order ruled gay marriage legal nationwide in the USSupreme Court decision
30%
Elizabeth II took on the title Queen of England after her father Edward VIII passedQueen of the United Kingdom, George VI
10%
First place contestants on X Factor UK, One Direction went on hiatus after member Niall left the groupThird, Zayn
10%

Score Distribution

Percentile by Number Answered

Percent of People with Each Score

Your Score History

You have not taken this quiz since the last reset